000 00681nam a2200241Ia 4500
003 OSt
005 20220927105705.0
006 a|||||r|||| 00| 0
007 ta
008 220926b |||||||| |||| 00| 0 eng d
024 _a201549
037 _cReference Collections
040 _aRTL
_cRTL
_beng
041 _2eng
_aeng
082 _a"sigma m93,M89, N2/RR"
100 _aKOHN George F.
_9374212
245 0 _aThe organization and work of the leaque of nations july 1924
260 _c1924
300 _a78p.
_ccm.
500 _aAppendix: P 153-55
942 _h"sigma m93,M89, N2/RR"
_cCC
999 _c693912
_d693912